Effect of organic fertilzers on chines kale at muk kampoul district, kandal province,(ឥទ្ធិពលនៃជីធម្មជាតិ ទៅលើដំណាំខាត់ណា នៅស្រុកមុខកំពូល ខេត្តកណ្ដាល) (Record no. 1006)

000 -LEADER
fixed length control field 00636nam a22001577a 4500
003 - CONTROL NUMBER IDENTIFIER
control field OSt
005 - DATE AND TIME OF LATEST TRANSACTION
control field 20150921165458.0
008 - FIXED-LENGTH DATA ELEMENTS--GENERAL INFORMATION
fixed length control field 150921b xxu||||| |||| 00| 0 eng d
040 ## - CATALOGING SOURCE
Transcribing agency RUA
082 ## - DEWEY DECIMAL CLASSIFICATION NUMBER
Classification number AGR CHE 2008 B035 Or.1
100 ## - MAIN ENTRY--PERSONAL NAME
9 (RLIN) 1046
Personal name CHEANG PISEYTH
245 ## - TITLE STATEMENT
Title Effect of organic fertilzers on chines kale at muk kampoul district, kandal province,(ឥទ្ធិពលនៃជីធម្មជាតិ ទៅលើដំណាំខាត់ណា នៅស្រុកមុខកំពូល ខេត្តកណ្ដាល)
260 ## - PUBLICATION, DISTRIBUTION, ETC. (IMPRINT)
Place of publication, distribution, etc. phnom penh
Name of publisher, distributor, etc. RUA
Date of publication, distribution, etc. 2008
300 ## - PHYSICAL DESCRIPTION
Extent x,39p.
Dimensions ill.
Size of unit 29cm.
942 ## - ADDED ENTRY ELEMENTS (KOHA)
Source of classification or shelving scheme
Koha item type AGR
Holdings
Price effective from Date last seen Permanent Location Not for loan Date acquired Source of classification or shelving scheme Koha item type Lost status Withdrawn status Date last checked out Total Checkouts Shelving location Damaged status Barcode Current Location Full call number
2015-09-212017-10-19Library Block B 2015-09-21 AGR  2017-10-031B035 RUA008573Library Block BAGR CHE 2008 B035 Or.1
មជ្ឈមណ្ឌលឯការនៃសាកលវិទ្យាល័យភូមិន្ទកសិកម្មចំការដូង

Powered by Koha